000 00233nam a2200109Ia 4500
999 _c6753
_d6753
020 _a9780750619080
100 _aPeter F Drucker
245 0 _aInnovation And Entrepreneurship
260 _aUK
_bSage
_c1996
300 _a258
942 _cBK